[Event "Balagna rapid op 16th"]
[Site "Balagna"]
[Date "2019.05.18"]
[Round "6"]
[White "Brethes, Francois"]
[Black "Maurizzi, Marc Andria"]
[Result "0-1"]
[WhiteElo "2270"]
[BlackElo "2329"]
[PlyCount "50"]
[EventDate "2019.05.18"]
[EventType "swiss (rapid)"]
[EventRounds "9"]
[EventCountry "FRA"]
[SourceTitle "CBM 190 Extra"]
[Source "ChessBase"]
[SourceDate "2019.07.15"]
[SourceVersion "1"]
[SourceVersionDate "2019.07.15"]
[SourceQuality "1"]

1. d4 Nf6 2. Nf3 g6 3. c3 Bg7 4. Bg5 0-0 5. Nbd2 d5 6. e3 Ne4 7. Bh4 h6 8. c4 g5 9. Bg3 Nxg3 10. hxg3 c5 11. Qc2 cxd4 12. Nxd4 Nc6 13. Nxc6 bxc6 14. Nf3 Rb8 15. Bd3 Rxb2 16. Qa4 dxc4 17. Bxc4 Bc3+ 18. Kf1 Rb4 19. Qxc6 Bxa1 20. Qxh6 Rb1+ 21. Ne1 Rxe1+ 22. Kxe1 Bc3+ 23. Ke2 Bg4+ 24. f3 Qd2+ 25. Kf1 Qe1# 0-1

[Event "Paris Universities-ch"]
[Site "Paris"]
[Date "2019.02.03"]
[Round "8"]
[White "Brethes, Francois"]
[Black "Bedini, Lucas"]
[Result "1-0"]
[WhiteElo "2267"]
[BlackElo "1920"]
[PlyCount "102"]
[EventDate "2019.02.01"]
[EventType "swiss"]
[EventRounds "9"]
[EventCountry "FRA"]
[SourceTitle "CBM 188 Extra"]
[Source "ChessBase"]
[SourceDate "2019.02.26"]
[SourceVersion "1"]
[SourceVersionDate "2019.02.26"]
[SourceQuality "1"]

1. e4 e5 2. Nf3 Nc6 3. Bc4 Nf6 4. d3 Bc5 5. 0-0 h6 6. a4 0-0 7. c3 d5 8. exd5 Nxd5 9. Nbd2 Nb6 10. Bb3 Qxd3 11. a5 Nd7 12. Bc4 Qg6 13. Nh4 Qf6 14. Qh5 Qg5 15. Qxg5 hxg5 16. Nhf3 g4 17. Ng5 Nf6 18. b4 Be7 19. b5 Nd8 20. Re1 Nd7 21. Nf1 c6 22. bxc6 Nxc6 23. Ne4 Nc5 24. Ba3 Nxe4 25. Bxe7 Nxe7 26. Rxe4 Nc6 27. Bd5 Re8 28. Ne3 Kf8 29. a6 f6 30. Rc4 Nd8 31. Nxg4 Be6 32. Ne3 Ke7 33. axb7 Rb8 34. Rxa7 Bxd5 35. Nxd5+ Kd6 36. Nc7 Re7 37. Nb5+ Kd5 38. Rc7 Rxc7 39. Nxc7+ Kc4 40. Ne8 Nxb7 41. Nxg7 Nd6 42. g4 Kxc3 43. h4 Rb4 44. f3 Rf4 45. Ra3+ Kd2 46. Kf2 e4 47. Ne6 e3+ 48. Rxe3 Ra4 49. Re2+ Kd3 50. Nc5+ Kc3 51. Nxa4+ Kd3 1-0

[Event "Paris Universities-ch"]
[Site "Paris"]
[Date "2019.02.02"]
[Round "5"]
[White "Loiseau, Quentin"]
[Black "Brethes, Francois"]
[Result "1-0"]
[WhiteElo "2452"]
[BlackElo "2267"]
[PlyCount "123"]
[EventDate "2019.02.01"]
[EventType "swiss"]
[EventRounds "9"]
[EventCountry "FRA"]
[SourceTitle "CBM 188 Extra"]
[Source "ChessBase"]
[SourceDate "2019.02.26"]
[SourceVersion "1"]
[SourceVersionDate "2019.02.26"]
[SourceQuality "1"]

1. d4 Nf6 2. c4 e6 3. Nf3 Bb4+ 4. Nbd2 0-0 5. a3 Bxd2+ 6. Qxd2 Qe7 7. e3 d6 8. Be2 e5 9. 0-0 Bf5 10. dxe5 dxe5 11. Qc3 Nbd7 12. b4 c5 13. Bb2 Bg4 14. h3 Bh5 15. Rfe1 Rfe8 16. Rad1 Rad8 17. g4 Ne4 18. Qb3 Bg6 19. Rd5 Nef6 20. Rdd1 Be4 21. Nd2 Bg6 22. Bf3 e4 23. Bg2 Ne5 24. Qc3 Nd3 25. g5 Nh5 26. h4 Nxb2 27. Qxb2 Qe6 28. Nf1 Qg4 29. Rxd8 Rxd8 30. Qe5 cxb4 31. axb4 Qxh4 32. Qe7 Rf8 33. Rd1 h6 34. Rd8 Rxd8 35. Qxd8+ Kh7 36. c5 hxg5 37. b5 Nf6 38. c6 bxc6 39. bxc6 Ng4 40. Qd2 Bf5 41. Ng3 Be6 42. Bxe4+ g6 43. Bg2 Ne5 44. c7 Qc4 45. Qd8 Qc1+ 46. Nf1 a5 47. Qd6 Ng4 48. Bc6 Qc2 49. Nd2 a4 50. Bd7 a3 51. Bxe6 fxe6 52. Qd7+ Kh6 53. c8Q Qd1+ 54. Kg2 Nxe3+ 55. fxe3 Qe2+ 56. Kg1 Qxe3+ 57. Kf1 Qf4+ 58. Ke2 Qe5+ 59. Kf2 a2 60. Qf8+ Kh5 61. Qh7+ Kg4 62. Qf3# 1-0

[Event "Saint Affrique op 23rd"]
[Site "Saint Affrique"]
[Date "2015.07.21"]
[Round "5"]
[White "Stets, Dmitry"]
[Black "Brethes, Francois"]
[Result "1-0"]
[WhiteElo "2406"]
[BlackElo "2243"]
[PlyCount "47"]
[EventDate "2015.07.18"]
[EventType "swiss"]
[EventRounds "9"]
[EventCountry "FRA"]
[SourceTitle "EXT 2016"]
[Source "ChessBase"]
[SourceDate "2015.10.08"]
[SourceVersion "1"]
[SourceVersionDate "2015.10.08"]
[SourceQuality "1"]

1. e4 d5 2. exd5 Nf6 3. c4 c6 4. d4 cxd5 5. Nc3 e6 6. Nf3 Bb4 7. cxd5 Nxd5 8. Qc2 Nd7 9. Bd3 N7f6 10. 0-0 0-0 11. a3 Be7 12. Ne5 h6 13. Qe2 Nxc3 14. bxc3 Bd7 15. c4 Ba4 16. Bb2 Re8 17. f4 Nd7 18. Qh5 Rf8 19. Ng4 Qe8 20. Nxh6+ gxh6 21. Qxh6 f5 22. Rf3 Nf6 23. Rg3+ Ng4 24. Rxg4+ 1-0

[Event "Porticcio op 2nd"]
[Site "Grosseto Prugna"]
[Date "2015.07.01"]
[Round "7"]
[White "Brethes, Francois"]
[Black "Flom, Gabriel"]
[Result "1/2-1/2"]
[WhiteElo "2243"]
[BlackElo "2456"]
[PlyCount "100"]
[EventDate "2015.06.27"]
[EventType "swiss"]
[EventRounds "9"]
[EventCountry "FRA"]
[SourceTitle "CBM 167 Extra"]
[Source "ChessBase"]
[SourceDate "2015.09.14"]
[SourceVersion "1"]
[SourceVersionDate "2015.09.14"]
[SourceQuality "1"]

1. d4 e6 2. c4 Nf6 3. Nc3 Bb4 4. e3 b6 5. Bd3 Bb7 6. Nf3 Ne4 7. Bd2 Bxc3 8. Bxc3 Nxc3 9. bxc3 c5 10. Qb1 Qf6 11. Be4 Bxe4 12. Qxe4 Nc6 13. Ne5 Rc8 14. 0-0 Nd8 15. Qc2 Qe7 16. Qa4 f6 17. Nd3 Rc7 18. e4 0-0 19. f4 d6 20. Rae1 cxd4 21. cxd4 Qe8 22. Qa3 Qd7 23. Nb2 d5 24. exd5 exd5 25. c5 bxc5 26. dxc5 Ne6 27. Nd3 Nxc5 28. Nxc5 Qd6 29. Rc1 Rfc8 30. Qh3 Rxc5 31. Qxc8+ Rxc8 32. Rxc8+ Kf7 33. Rc2 d4 34. Rd2 h5 35. Rf3 Kg6 36. f5+ Kh6 37. g3 Qc5 38. Kg2 Qd5 39. h4 Qd6 40. Kg1 Qc5 41. Kg2 Qd5 42. Kf2 Qe4 43. Re2 a5 44. Kg2 Qb1 45. Rd2 a4 46. a3 Qb3 47. Rf4 Qb2 48. Rfxd4 Qxa3 49. Kh3 Qd3 50. Rxa4 Qe2 1/2-1/2

[Event "Porticcio op 2nd"]
[Site "Grosseto Prugna"]
[Date "2015.06.28"]
[Round "3"]
[White "Brethes, Francois"]
[Black "Areshchenko, Alexander"]
[Result "0-1"]
[WhiteElo "2243"]
[BlackElo "2656"]
[PlyCount "40"]
[EventDate "2015.06.27"]
[EventType "swiss"]
[EventRounds "9"]
[EventCountry "FRA"]
[SourceTitle "CBM 167 Extra"]
[Source "ChessBase"]
[SourceDate "2015.09.14"]
[SourceVersion "1"]
[SourceVersionDate "2015.09.14"]
[SourceQuality "1"]

1. d4 Nf6 2. Nc3 d5 3. Bg5 c5 4. Nf3 Ne4 5. Bf4 Nc6 6. Nxe4 dxe4 7. d5 Nb4 8. Ng5 e3 9. fxe3 h6 10. Nxf7 Kxf7 11. c3 Na6 12. e4 e5 13. dxe6+ Bxe6 14. Qc2 Be7 15. e3 Rf8 16. e5 Kg8 17. Bxh6 Bg5 18. Qg6 Bxh6 19. Bd3 Qh4+ 20. g3 Qg4 0-1

[Event "Lisbon Christmas op"]
[Site "Lisbon"]
[Date "2014.12.29"]
[Round "7"]
[White "Alves, Fernando Pereira"]
[Black "Brethes, Francois"]
[Result "0-1"]
[WhiteElo "1776"]
[BlackElo "2276"]
[PlyCount "58"]
[EventDate "2014.12.26"]
[EventType "swiss"]
[EventRounds "9"]
[EventCountry "POR"]
[SourceTitle "EXT 2018"]
[Source "ChessBase"]
[SourceDate "2017.10.13"]
[SourceVersion "1"]
[SourceVersionDate "2017.10.13"]
[SourceQuality "1"]

1. e4 c5 2. Nf3 Nc6 3. d4 cxd4 4. Nxd4 e5 5. Nb5 d6 6. c4 f5 7. N1c3 Be7 8. Nd5 fxe4 9. Nbc3 Nf6 10. Nxf6+ Bxf6 11. Nxe4 Nd4 12. Bd3 0-0 13. Be3 Nf5 14. Qc2 Nxe3 15. Nxf6+ Qxf6 16. fxe3 Qh6 17. Qd2 Bg4 18. Be2 Rac8 19. Rc1 Bxe2 20. Qd5+ Kh8 21. Kxe2 Qh5+ 22. Ke1 Qf5 23. Qd2 b5 24. Qe2 Rxc4 25. Rxc4 bxc4 26. Kd2 d5 27. e4 Qg5+ 28. Kc2 d4 29. Qxc4 Qxg2+ 0-1

[Event "Corsica-ch"]
[Site "Bastia"]
[Date "2013.07.03"]
[Round "4"]
[White "Utrera, Ludovic"]
[Black "Brethes, Francois"]
[Result "0-1"]
[WhiteElo "2037"]
[BlackElo "2266"]
[PlyCount "72"]
[EventDate "2013.06.29"]
[EventType "tourn"]
[EventRounds "7"]
[EventCountry "FRA"]
[SourceTitle "EXT 2014"]
[Source "ChessBase"]
[SourceDate "2013.11.20"]
[SourceVersion "1"]
[SourceVersionDate "2013.11.20"]
[SourceQuality "1"]

1. e4 e6 2. d3 d5 3. Nd2 c5 4. g3 dxe4 5. Nxe4 Bd7 6. Nf3 Bc6 7. Qe2 Nd7 8. Bg2 Ngf6 9. 0-0 Be7 10. Re1 0-0 11. Nfg5 Nxe4 12. Nxe4 Qc7 13. Bh3 Rfe8 14. Bd2 b5 15. Ng5 Bf6 16. Qh5 Nf8 17. Bc3 Bd4 18. Ne4 Bd5 19. Bxd4 cxd4 20. Re2 f5 21. Nd2 g6 22. Qh4 Qxc2 23. Qxd4 Rad8 24. Qc3 Rc8 25. Qd4 Red8 26. Qf6 Nd7 27. Qe7 Qxb2 28. Rae1 Qg7 29. Qb4 Qc3 30. Qe7 Nc5 31. Nb1 Qg7 32. Qxg7+ Kxg7 33. d4 Nd3 34. Rf1 Nc1 35. Re3 Nxa2 36. Bg2 Bc4 0-1

[Event "Corsica-ch"]
[Site "Bastia"]
[Date "2013.07.01"]
[Round "2"]
[White "Guyon, Pascal"]
[Black "Brethes, Francois"]
[Result "1-0"]
[WhiteElo "1853"]
[BlackElo "2266"]
[PlyCount "61"]
[EventDate "2013.06.29"]
[EventType "tourn"]
[EventRounds "7"]
[EventCountry "FRA"]
[SourceTitle "EXT 2014"]
[Source "ChessBase"]
[SourceDate "2013.11.20"]
[SourceVersion "1"]
[SourceVersionDate "2013.11.20"]
[SourceQuality "1"]

1. d4 d5 2. c4 dxc4 3. Nf3 e6 4. e3 Nf6 5. Bxc4 c5 6. 0-0 a6 7. dxc5 Bxc5 8. Qxd8+ Kxd8 9. a3 Nbd7 10. b4 Bd6 11. Bb2 b5 12. Be2 Bb7 13. Nbd2 Rc8 14. Rac1 Ke7 15. Nd4 Nb6 16. N4b3 Nfd7 17. Na5 Ba8 18. Nf3 f6 19. Rxc8 Rxc8 20. Rc1 Rxc1+ 21. Bxc1 Ne5 22. Nxe5 Bxe5 23. Bd3 f5 24. f4 Bc3 25. Nb3 Na4 26. Kf2 Bd5 27. Nd2 Kd6 28. Bc2 Nb2 29. g4 g6 30. g5 e5 31. Nb1 1-0

[Event "Corsica-ch"]
[Site "Bastia"]
[Date "2013.06.30"]
[Round "1"]
[White "Brethes, Francois"]
[Black "Massoni, Michael"]
[Result "1-0"]
[WhiteElo "2266"]
[BlackElo "2371"]
[PlyCount "89"]
[EventDate "2013.06.29"]
[EventType "tourn"]
[EventRounds "7"]
[EventCountry "FRA"]
[SourceTitle "EXT 2014"]
[Source "ChessBase"]
[SourceDate "2013.11.20"]
[SourceVersion "1"]
[SourceVersionDate "2013.11.20"]
[SourceQuality "1"]

1. d4 Nf6 2. Nf3 c5 3. d5 e6 4. c4 exd5 5. cxd5 d6 6. Nc3 g6 7. g3 Bg7 8. Bg2 0-0 9. 0-0 Nbd7 10. Bf4 Qe7 11. Re1 Nh5 12. Bg5 f6 13. Bc1 f5 14. Bg5 Ndf6 15. e4 fxe4 16. Nxe4 Qc7 17. Nc3 a6 18. h3 h6 19. Be3 b5 20. a3 g5 21. Nd2 Qf7 22. Nde4 Nxe4 23. Nxe4 Be5 24. Nxc5 Nf4 25. Bxf4 gxf4 26. Ne6 fxg3 27. f4 Bxe6 28. dxe6 Qxf4 29. e7 Rf7 30. Re4 Qf2+ 31. Kh1 Re8 32. Qg4+ Rg7 33. Qe6+ Qf7 34. Qxh6 Qxe7 35. Rg4 Qf6 36. Bd5+ Kf8 37. Qxf6+ Bxf6 38. Rf1 Rxg4 39. Rxf6+ Kg7 40. Rf7+ Kg6 41. hxg4 Kg5 42. Bf3 Re3 43. Kg2 Rb3 44. Kxg3 Rxb2 45. Ra7 1-0

[Event "Calvi Balagne rapid KO 10th"]
[Site "Calvi"]
[Date "2013.04.14"]
[Round "2.1"]
[White "Fressinet, Laurent"]
[Black "Brethes, Francois"]
[Result "1-0"]
[WhiteElo "2706"]
[BlackElo "2234"]
[PlyCount "81"]
[EventDate "2013.04.14"]
[EventType "k.o. (rapid)"]
[EventRounds "4"]
[EventCountry "FRA"]
[SourceTitle "CBM 153 Extra"]
[Source "ChessBase"]
[SourceDate "2013.04.22"]
[SourceVersion "1"]
[SourceVersionDate "2013.04.22"]
[SourceQuality "1"]

1. d4 d5 2. Nf3 e6 3. c4 dxc4 4. e3 c5 5. Bxc4 Nf6 6. 0-0 a6 7. Nc3 b5 8. Be2 Bb7 9. dxc5 Bxc5 10. Qxd8+ Kxd8 11. Nd2 Nbd7 12. Nb3 Bb6 13. a4 b4 14. a5 bxc3 15. axb6 Nxb6 16. bxc3 Kc7 17. f3 Bd5 18. Na5 Bc6 19. e4 e5 20. Be3 Ne8 21. Bxb6+ Kxb6 22. Nc4+ Kc7 23. Nxe5 a5 24. Nxf7 Rg8 25. Ne5 Nd6 26. Nxc6 Kxc6 27. e5 Nf5 28. Bd3 Ne3 29. Be4+ Kc5 30. Bxa8 Nxf1 31. Rxa5+ Kb6 32. Ra2 Ne3 33. Be4 Rc8 34. Rb2+ Kc5 35. Rb7 Kc4 36. Rxg7 Kxc3 37. e6 Kd2 38. Kf2 Nd1+ 39. Kg3 Ne3 40. e7 Re8 41. Kf4 1-0

[Event "Corsica-ch"]
[Site "Bastia"]
[Date "2012.06.29"]
[Round "7"]
[White "Brethes, Francois"]
[Black "Humeau, Cyril"]
[Result "1-0"]
[WhiteElo "2244"]
[BlackElo "2279"]
[PlyCount "63"]
[EventDate "2012.06.23"]
[EventType "tourn"]
[EventRounds "7"]
[EventCountry "FRA"]
[SourceTitle "CBM 149 Extra"]
[Source "ChessBase"]
[SourceDate "2012.08.24"]
[SourceVersion "1"]
[SourceVersionDate "2012.08.24"]
[SourceQuality "1"]

1. d4 d5 2. c4 e6 3. Nf3 Nf6 4. g3 dxc4 5. Bg2 a6 6. 0-0 Nc6 7. Nc3 Bb4 8. Qa4 Bd7 9. Ne5 Bxc3 10. Nxd7 Qxd7 11. bxc3 Nd5 12. Qxc4 0-0 13. e4 Nb6 14. Qe2 Ne7 15. Ba3 Rfe8 16. Rab1 Rab8 17. Rfc1 Ng6 18. h4 Nc8 19. e5 c6 20. h5 Nf8 21. Qg4 Ne7 22. h6 Nfg6 23. hxg7 Nf5 24. Be4 Nxg7 25. Kg2 b5 26. Rh1 Rbc8 27. Rh3 Qd8 28. Rbh1 h5 29. Rxh5 Nxh5 30. Qxh5 c5 31. Qh7+ Kf8 32. Bxg6 1-0

[Event "Corsica-ch"]
[Site "Bastia"]
[Date "2012.06.23"]
[Round "1"]
[White "Battesti, Marc Andria"]
[Black "Brethes, Francois"]
[Result "0-1"]
[WhiteElo "1988"]
[BlackElo "2244"]
[PlyCount "110"]
[EventDate "2012.06.23"]
[EventType "tourn"]
[EventRounds "7"]
[EventCountry "FRA"]
[SourceTitle "CBM 149 Extra"]
[Source "ChessBase"]
[SourceDate "2012.08.24"]
[SourceVersion "1"]
[SourceVersionDate "2012.08.24"]
[SourceQuality "1"]

1. d4 d5 2. Nf3 e6 3. c4 dxc4 4. e3 Nf6 5. Bxc4 c5 6. 0-0 a6 7. a4 cxd4 8. exd4 Nc6 9. Nc3 Be7 10. d5 exd5 11. Nxd5 Nxd5 12. Bxd5 0-0 13. Qb3 Bf6 14. Bf4 Bf5 15. Rfe1 Na5 16. Qa2 Qb6 17. Ne5 Bxe5 18. Rxe5 Bg6 19. Rae1 Qd4 20. g3 Rac8 21. b4 Rc2 22. Bxf7+ Kh8 23. Qxc2 Bxc2 24. Re8 Qxb4 25. Bd2 Qa3 26. Bc1 Qc5 27. R1e5 Qd6 28. Rxf8+ Qxf8 29. Re8 Qxe8 30. Bxe8 Nc4 31. Bg5 Kg8 32. Be7 Be4 33. Kf1 Bc6 34. Bxc6 bxc6 35. Ke2 Kf7 36. Bb4 Ke6 37. Bc3 g6 38. Kd3 Kd5 39. f4 Nd6 40. g4 Ne4 41. f5 Nf2+ 42. Ke2 Nxg4 43. h3 Nh6 44. f6 Ke6 45. Kd3 Ng8 46. Kc4 Nxf6 47. Bxf6 Kxf6 48. Kc5 g5 49. Kb6 h5 50. Kxa6 g4 51. hxg4 hxg4 52. Kb6 g3 53. a5 g2 54. a6 g1Q+ 55. Kxc6 Qa7 0-1

[Event "Ajaccio op 1st"]
[Site "Ajaccio"]
[Date "2012.04.26"]
[Round "5"]
[White "Cristofari, Antoine"]
[Black "Brethes, Francois"]
[Result "0-1"]
[WhiteElo "2136"]
[BlackElo "2249"]
[PlyCount "60"]
[EventDate "2012.04.24"]
[EventType "swiss"]
[EventRounds "9"]
[EventCountry "FRA"]
[SourceTitle "CBM 148 Extra"]
[Source "ChessBase"]
[SourceDate "2012.06.22"]
[SourceVersion "1"]
[SourceVersionDate "2012.06.22"]
[SourceQuality "1"]

1. e4 e6 2. d4 d5 3. Nc3 Nf6 4. e5 Nfd7 5. f4 c5 6. Nf3 Nc6 7. Be3 Be7 8. Qd2 0-0 9. 0-0-0 c4 10. f5 b5 11. Qf2 b4 12. Ne2 exf5 13. h3 Qa5 14. Kb1 b3 15. cxb3 cxb3 16. axb3 Qb6 17. Nc1 a5 18. Qe2 Ba6 19. Qc2 Nb4 20. Qxf5 Qc6 21. Bxa6 Rxa6 22. Ne1 a4 23. Nc2 axb3 24. Nxb4 Bxb4 25. Qd3 Rfa8 26. Nxb3 Nb6 27. Bd2 Bxd2 28. Rxd2 Nc4 29. Rc2 Qa4 30. Kc1 Qa1+ 0-1

[Event "Ajaccio op 1st"]
[Site "Ajaccio"]
[Date "2012.04.24"]
[Round "1"]
[White "Brethes, Francois"]
[Black "Morel, Anthony"]
[Result "1-0"]
[WhiteElo "2249"]
[BlackElo "1517"]
[PlyCount "61"]
[EventDate "2012.04.24"]
[EventType "swiss"]
[EventRounds "9"]
[EventCountry "FRA"]
[SourceTitle "CBM 148 Extra"]
[Source "ChessBase"]
[SourceDate "2012.06.22"]
[SourceVersion "1"]
[SourceVersionDate "2012.06.22"]
[SourceQuality "1"]

1. d4 d5 2. c4 e5 3. dxe5 d4 4. Nf3 Nc6 5. g3 Bc5 6. Bg2 Bg4 7. a3 a5 8. 0-0 Bxf3 9. Bxf3 Nxe5 10. Bxb7 Ra7 11. Bg2 Nxc4 12. Qa4+ Qd7 13. Bc6 Nb6 14. Bxd7+ Nxd7 15. Bg5 f6 16. Bf4 Ne7 17. Nd2 0-0 18. Qxd7 c6 19. Qe6+ Kh8 20. Ne4 Bb6 21. Bd6 Bd8 22. Rac1 Rg8 23. Nxf6 Rf8 24. Nd7 Rf6 25. Nxf6 gxf6 26. Qxf6+ Kg8 27. Rxc6 Ng6 28. Qxd8+ Kf7 29. Be5 Nxe5 30. Rf6+ Kg7 31. Qf8# 1-0

[Event "FRA-ch Accession"]
[Site "Caen"]
[Date "2011.08.21"]
[Round "6"]
[White "Brethes, Francois"]
[Black "Favarel, Antoine"]
[Result "0-1"]
[WhiteElo "2213"]
[BlackElo "2235"]
[PlyCount "58"]
[EventDate "2011.08.16"]
[EventType "swiss"]
[EventRounds "11"]
[EventCountry "FRA"]
[SourceTitle "CBM 144 Extra"]
[Source "ChessBase"]
[SourceDate "2011.10.28"]
[SourceVersion "1"]
[SourceVersionDate "2011.10.28"]
[SourceQuality "1"]

1. c4 Nf6 2. g3 e6 3. Bg2 d5 4. Nf3 d4 5. 0-0 Nc6 6. e3 e5 7. exd4 exd4 8. d3 Be7 9. a3 a5 10. Bg5 0-0 11. Nbd2 h6 12. Bxf6 Bxf6 13. Re1 Bg4 14. h3 Bf5 15. Ne4 Be7 16. g4 Bg6 17. Ng3 Bd6 18. Qb3 Bxg3 19. fxg3 Qd6 20. Kh2 a4 21. Qc2 Rfe8 22. Nh4 Bh7 23. Re2 Re3 24. Rxe3 dxe3 25. Be4 Bxe4 26. dxe4 Rd8 27. Qg2 Ne5 28. Re1 Qd2 29. Rg1 e2 0-1

[Event "Ouest Toulousain op-A 6th"]
[Site "Fontenilles"]
[Date "2011.03.11"]
[Round "7"]
[White "Brethes, Francois"]
[Black "Fillon, Damien"]
[Result "1-0"]
[WhiteElo "2236"]
[BlackElo "2055"]
[PlyCount "114"]
[EventDate "2011.03.07"]
[EventType "swiss"]
[EventRounds "9"]
[EventCountry "FRA"]
[SourceTitle "CBM 141 Extra"]
[Source "ChessBase"]
[SourceDate "2011.05.03"]
[SourceVersion "1"]
[SourceVersionDate "2011.05.03"]
[SourceQuality "1"]

1. d4 f5 2. c4 Nf6 3. Nc3 e6 4. Nf3 Bb4 5. Bd2 0-0 6. e3 b6 7. Bd3 Bb7 8. 0-0 Bxc3 9. Bxc3 Ne4 10. Rc1 d6 11. b4 Nxc3 12. Rxc3 Nd7 13. c5 dxc5 14. bxc5 bxc5 15. dxc5 Bxf3 16. Qxf3 Ne5 17. Qe2 Nxd3 18. Rxd3 Qe7 19. c6 Rad8 20. Rfd1 Rxd3 21. Qxd3 Kf7 22. g3 Ke8 23. Qd7+ Kf7 24. Qxe7+ Kxe7 25. Rd7+ Kf6 26. Rxc7 a5 27. Kf1 g5 28. Ke2 Rd8 29. Rxh7 Rd5 30. c7 Rc5 31. Kd3 g4 32. Kd4 Rc6 33. a4 Kg6 34. Rd7 Kf6 35. e4 fxe4 36. Kxe4 Rc4+ 37. Kd3 Rc1 38. Kd4 Rc2 39. Ke3 Rc3+ 40. Ke2 Rc2+ 41. Kf1 e5 42. Kg2 e4 43. Kf1 Ke6 44. Rh7 Kf6 45. Ke1 Kg6 46. Rd7 Kf6 47. Kd1 Rc4 48. Kd2 Ke5 49. Rh7 Kf5 50. Ke3 Kg6 51. Rd7 Kf5 52. Rd5+ Kf6 53. Rxa5 Rxc7 54. Kxe4 Rc2 55. Rf5+ Kg6 56. Rf4 Kg5 57. Kd3 Rc1 1-0

[Event "Ouest Toulousain op-A 6th"]
[Site "Fontenilles"]
[Date "2011.03.11"]
[Round "8"]
[White "Levieux, Pascal"]
[Black "Brethes, Francois"]
[Result "0-1"]
[WhiteElo "2104"]
[BlackElo "2236"]
[PlyCount "50"]
[EventDate "2011.03.07"]
[EventType "swiss"]
[EventRounds "9"]
[EventCountry "FRA"]
[SourceTitle "CBM 141 Extra"]
[Source "ChessBase"]
[SourceDate "2011.05.03"]
[SourceVersion "1"]
[SourceVersionDate "2011.05.03"]
[SourceQuality "1"]

1. d4 d6 2. c4 e5 3. Nf3 Nc6 4. d5 Nce7 5. Nc3 g6 6. h4 h6 7. e4 Bg7 8. Be2 f5 9. Nd2 Nf6 10. f3 f4 11. Nf1 Nh5 12. Qa4+ Bd7 13. Qb3 Rb8 14. Bd2 0-0 15. 0-0-0 Kh7 16. Be1 c6 17. Bf2 cxd5 18. cxd5 b5 19. Rd2 b4 20. Nd1 Qa5 21. Kb1 Rfc8 22. Bc4 Ba4 23. Qd3 Rxc4 24. Qxc4 Rc8 25. Qd3 Bb5 0-1

[Event "Ouest Toulousain op-A 6th"]
[Site "Fontenilles"]
[Date "2011.03.08"]
[Round "3"]
[White "Brethes, Francois"]
[Black "Joie, Sebastien"]
[Result "0-1"]
[WhiteElo "2236"]
[BlackElo "2231"]
[PlyCount "102"]
[EventDate "2011.03.07"]
[EventType "swiss"]
[EventRounds "9"]
[EventCountry "FRA"]
[SourceTitle "CBM 141 Extra"]
[Source "ChessBase"]
[SourceDate "2011.05.03"]
[SourceVersion "1"]
[SourceVersionDate "2011.05.03"]
[SourceQuality "1"]

1. d4 Nf6 2. c4 g6 3. Nc3 Bg7 4. e4 d6 5. Be2 0-0 6. Nf3 Na6 7. 0-0 e5 8. Be3 Ng4 9. Bg5 Qe8 10. Qd2 exd4 11. Nxd4 Nxh2 12. Kxh2 Qe5+ 13. f4 Qxd4 14. Qe1 Qb6 15. Nd5 Qxb2 16. e5 dxe5 17. Nf6+ Bxf6 18. Bxf6 Re8 19. Rb1 Qa3 20. fxe5 Qe3 21. Rb3 Qh6+ 22. Kg3 Rxe5 23. Bxe5 Qg5+ 24. Bg4 Qxg4+ 25. Kh2 Qh5+ 26. Kg1 Bg4 27. Bb2 Qc5+ 28. Rf2 Rd8 29. Qc3 Rd1+ 30. Kh2 Qd6+ 31. g3 f6 32. Qxf6 Qxf6 33. Bxf6 Nc5 34. Re3 Bf5 35. Bg5 Ne4 36. Rxe4 Bxe4 37. g4 h6 38. Be7 g5 39. Rf8+ Kg7 40. Rc8 Rd2+ 41. Kg1 Rg2+ 42. Kf1 Rxg4 43. Rxc7 Rf4+ 44. Ke2 Rf7 45. Ke3 Bc6 46. Kd4 g4 47. Ke5 Kg6 48. Ke6 g3 49. Rc8 Rxe7+ 50. Kxe7 g2 51. Ke6 Kg5 0-1

[Event "Nancy-B"]
[Site "Nancy"]
[Date "2010.02.28"]
[Round "9"]
[White "Brethes, Francois"]
[Black "Henris, Luc"]
[Result "1/2-1/2"]
[WhiteElo "2257"]
[BlackElo "2302"]
[PlyCount "132"]
[EventDate "2010.02.22"]
[EventType "tourn"]
[EventRounds "9"]
[EventCountry "FRA"]
[EventCategory "5"]
[SourceTitle "CBM 135 Extra"]
[Source "ChessBase"]
[SourceDate "2010.05.04"]
[SourceVersion "1"]
[SourceVersionDate "2010.05.04"]
[SourceQuality "1"]

1. d4 f5 2. Nf3 Nf6 3. c4 d6 4. g3 g6 5. Bg2 Bg7 6. b4 0-0 7. Bb2 Nc6 8. b5 Na5 9. Nbd2 c6 10. 0-0 cxb5 11. cxb5 Bd7 12. a4 Qb6 13. Qb1 Rfc8 14. Qa2+ e6 15. Rfc1 Ne4 16. Nxe4 fxe4 17. Nd2 d5 18. e3 a6 19. Bc3 axb5 20. axb5 Qd8 21. Qb2 Nc4 22. Nxc4 Rxc4 23. Bf1 Rca4 24. Rxa4 Rxa4 25. Bb4 b6 26. Bd6 Ra7 27. Qb4 Bf8 28. Bh3 Ra2 29. Qb3 Qa8 30. Bxf8 Ra1 31. Rxa1 Qxa1+ 32. Kg2 Kxf8 33. Qb4+ Ke8 34. Bg4 h5 35. Be2 Qa2 36. Bf1 Qa8 37. Qd6 Qd8 38. Qe5 Kf7 39. Be2 Kg8 40. Qd6 Kf7 41. f3 exf3+ 42. Kxf3 Ke8 43. Bd3 Kf7 44. Kg2 Kg7 45. Qe5+ Kf7 46. Be2 Be8 47. Qf4+ Ke7 48. g4 hxg4 49. Qxg4 Kd7 50. Qf4 Qc7 51. Qxc7+ Kxc7 52. Kg3 Kd6 53. Kf4 Ke7 54. Ke5 g5 55. Bg4 Bd7 56. Bh3 Bc8 57. Bf1 Bd7 58. Bd3 Be8 59. Be2 Bd7 60. Bg4 Bc8 61. e4 dxe4 62. d5 e3 63. d6+ Kf7 64. Bh5+ Kg7 65. Be2 Bd7 66. Bd3 Bc8 1/2-1/2

[Event "Nancy-B"]
[Site "Nancy"]
[Date "2010.02.25"]
[Round "6"]
[White "Brethes, Francois"]
[Black "Fomichenko, Eduard"]
[Result "1/2-1/2"]
[WhiteElo "2257"]
[BlackElo "2515"]
[PlyCount "103"]
[EventDate "2010.02.22"]
[EventType "tourn"]
[EventRounds "9"]
[EventCountry "FRA"]
[EventCategory "5"]
[SourceTitle "CBM 135 Extra"]
[Source "ChessBase"]
[SourceDate "2010.05.04"]
[SourceVersion "1"]
[SourceVersionDate "2010.05.04"]
[SourceQuality "1"]

1. d4 d5 2. Nf3 c6 3. c4 Nf6 4. e3 a6 5. a4 e6 6. Nc3 c5 7. Bd3 Nc6 8. 0-0 cxd4 9. exd4 Nb4 10. Bg5 Be7 11. c5 b6 12. cxb6 Nxd3 13. Qxd3 a5 14. Nb5 Qxb6 15. Rfc1 Ba6 16. Ne5 0-0 17. Bxf6 Bxb5 18. axb5 Bxf6 19. Nd7 Qxd4 20. Qxd4 Bxd4 21. Nxf8 Kxf8 22. Rc6 Ke7 23. Ra2 a4 24. Kf1 Ra5 25. b6 Rb5 26. Rxa4 Bxb6 27. Rc2 e5 28. Ra8 e4 29. Rb8 Kd6 30. Rb7 f5 31. Rd2 g6 32. g3 g5 33. Rxh7 g4 34. h4 gxh3 35. Rxh3 Rb3 36. Rh5 Ba5 37. Rxd5+ Kxd5 38. Rxf5+ Kd4 39. Rxa5 Rxb2 40. Ra3 Rd2 41. Re3 Rd1+ 42. Re1 Rd3 43. Re2 Rd1+ 44. Kg2 Rd3 45. Kh3 Rf3 46. Kh4 Rf8 47. g4 Ke5 48. Kh5 Kf4 49. g5 Rh8+ 50. Kg6 Rg8+ 51. Kf6 Rxg5 52. Rxe4+ 1/2-1/2